Obras del Fray Luis de Granada
Na minha lista:
| Autor principal: | |
|---|---|
| Formato: | Livro |
| Idioma: | espanhol |
| Publicado em: |
Madrid
Atlas
1944
|
| Colecção: | Biblioteca de Autores Españoles desde la formación del lenguaje hasta nuestros días, 6-8-11
|
| Assuntos: | |
| Tags: |
Adicionar Tag
Sem tags, seja o primeiro a adicionar uma tag!
|
MARC
| LEADER | 00000nam a2200000 a 4500 | ||
|---|---|---|---|
| 001 | UCX5544 | ||
| 003 | CL-VaPUC | ||
| 008 | 921125e19440000SP |||||||||||||||||spa|d | ||
| 082 | 0 | 4 | |a 863 |b GRA |2 21 |
| 100 | 0 | |a Granada, Luis de |e author |9 321830 | |
| 245 | 1 | 0 | |a Obras del Fray Luis de Granada |
| 300 | |a 3 v | ||
| 942 | |c BK | ||
| 945 | |d 19921125 00:00:00 | ||
| 260 | |a Madrid |b Atlas |c 1944 | ||
| 650 | 7 | |a LITERATURA RELIGIOSA ESPAÑOLA |2 CL-VaPUC |9 314131 | |
| 650 | 7 | |a PROSA ESPAÑOLA |2 CL-VaPUC |9 321304 | |
| 583 | |a last modification |c 19921125 00:00:00 |k Rodrigo Vera | ||
| 490 | 0 | |a Biblioteca de Autores Españoles desde la formación del lenguaje hasta nuestros días, 6-8-11 | |
| 999 | |c 225761 |d 225759 | ||
| 952 | |0 0 |1 0 |4 0 |6 863_000000000000000_GRA_1944 |7 0 |8 A |9 223549 |a FDOPOS |b FDOPOS |d 2019-11-15 |h v.1 |i 292384K |o 863 GRA 1944 |p 292384K |r 2025-01-22 |w 2019-11-15 |y BK |k MLH | ||
| 952 | |0 0 |1 0 |4 0 |6 863_000000000000000_GRA_1944 |7 0 |8 A |9 223550 |a FDOPOS |b FDOPOS |d 2019-11-15 |h v.2 |i 2923858 |o 863 GRA 1944 |p 2923858 |r 2025-01-22 |w 2019-11-15 |y BK |k MLH | ||
| 952 | |0 0 |1 0 |4 0 |6 863_000000000000000_GRA_1944 |7 0 |8 A |9 223551 |a FDOPOS |b FDOPOS |d 2019-11-15 |h v.3 |i 2923866 |o 863 GRA 1944 |p 2923866 |r 2025-01-22 |w 2019-11-15 |y BK |k MLH | ||